Logo BPK

Biblioteka

Politechniki Koszalińskiej

Budownictwo rolnicze / (Rekord nr 19638)

Szczegóły MARC
000 -ETYKIETA REKORDU
podpole kontrolne o stałej długości 00404nam a2200157 i 4500
001 - NUMER KONTROLNY REKORDU
pole kontrolne bg
040 ## - ŹRÓDŁO KATALOGOWANIA
Instytucja, która utworzyła rekord BPK
041 ## - KOD JĘZYKA
Kod języka tekstu pol
080 ## - UNIWERSALNA KLASYFIKACJA DZIESIĘTNA - UKD
UKD 69:631.2(075.8)
008 - POLE O STAŁEJ DŁUGOŚCI - DANE KONTROLNE
podpole kontrolne o stałej długości s pl f |000 0 pol
100 1# - NAZWA OSOBOWA
Nazwa osobowa Czarnecki, Witold
Daty związane z nazwą 1927- ).
245 #0 - TYTUŁ/ODPOWIEDZIALNOŚĆ
Tytuł Budownictwo rolnicze /
Pozostałe elementy strefy tytułu i oznaczenia odpowiedzialności Witold Czarnecki, Henryk Czyżewski.
260 ## - STREFA ADRESU WYDAWNICZEGO
Miejsce wydania Bydgoszcz,
Data publikacji, dystrybucji/powstania dokumentu 1980.
700 1# - HASŁO DODATKOWE - NAZWA OSOBOWA
Nazwa osobowa CZYŻEWSKI, Henryk
856 ## - LOKALIZACJA I DOSTĘP DO ELEKTRONICZNYCH DOKUMENTÓW ZDALNYCH
Link (URL) http://koha.tu.koszalin.pl/cgi-bin/koha/opac-detail.pl?biblionumber=19638
Tekst linku Katalog online BPK
942 ## - DODATKOWE ELEMENTY (KOHA)
Typ dokumentu Książka
Egzemplarze
Wycofany Status egzemplarza Uszkodzony Dostępność Lokalizacja stała Lokalizacja bieżąca Miejsce przechowywania Sygnatura Kod kreskowy Typ dokumentu
      Dostępny Biblioteka Politechniki Koszalińskiej Biblioteka Politechniki Koszalińskiej Wypożyczalnia BG 27658 01655292 Książka
© 2023 Biblioteka Politechniki Koszalińskiej :: KOHA